000 00857nam a22002657a 4500
999 _c15824
_d15824
003 AR-CdUCM
008 190430b ||||| |||| 00| 0 spa d
020 _a978-958-42-5294-4
020 _a958-42-5394-1
040 _aMUNICIPALIDAD PROVINCIAL DEL CUSCO
_cBIBLIOTECA MUNICIPAL DEL CUSCO
082 _aPI / 803.08 /
_bB61
110 _aPlaneta Junior
_935016
245 _aClasicos Infantiles Blancanieves y los siete enanitos /
260 _aBogota :
_bEditorial Planeta Colombiana,
_c2016.
300 _bIlustraciones, graficos, dibujos,
_c25 cm.
500 _aCuentos e historia
650 _aCuentos
_9312
650 _aHistoria
_9136
650 _aLiteratura
_983
700 _aBerrĂ­o, Pilar
_935017
700 _aEscovar Aparicio, Marcela
_935018
700 _aLoeber S., Andrea
_935019
942 _2ddc
_cLIBROS
945 _apjha
_d2019-04-30